<?xml version="1.0" encoding="UTF-8"?>
<collection xmlns:xsi="http://www.w3.org/2001/XMLSchema-instance" xsi:schemaLocation="http://www.loc.gov/MARC21/slim http://www.loc.gov/standards/marcxml/schema/MARC21slim.xsd" xmlns="http://www.loc.gov/MARC21/slim">
 <record>
  <leader>00000ctm a22000004a 4500</leader>
  <controlfield tag="001">UP-99796217612749748</controlfield>
  <controlfield tag="003">Buklod</controlfield>
  <controlfield tag="005">20180515095416.0</controlfield>
  <controlfield tag="006">m    |o  d |      </controlfield>
  <controlfield tag="007">ta</controlfield>
  <controlfield tag="008">180515s2003    xx     d     r    |||| u|</controlfield>
  <datafield tag="035" ind1=" " ind2=" ">
   <subfield code="a">(iLib)UPD-00362013792</subfield>
  </datafield>
  <datafield tag="040" ind1=" " ind2=" ">
   <subfield code="a">DARCHIVES</subfield>
   <subfield code="e">rda</subfield>
  </datafield>
  <datafield tag="041" ind1=" " ind2=" ">
   <subfield code="a">eng</subfield>
  </datafield>
  <datafield tag="042" ind1=" " ind2=" ">
   <subfield code="a">DMLUC</subfield>
  </datafield>
  <datafield tag="090" ind1=" " ind2=" ">
   <subfield code="a">LG 995 2003 P7</subfield>
   <subfield code="b">C11</subfield>
  </datafield>
  <datafield tag="100" ind1="1" ind2=" ">
   <subfield code="a">Calma, Ana C.</subfield>
   <subfield code="e">author.</subfield>
  </datafield>
  <datafield tag="245" ind1="1" ind2="0">
   <subfield code="a">Self-concept of early and middle adolescents belonging to single parent and two parent families</subfield>
   <subfield code="b">a comparative study</subfield>
   <subfield code="c">Calma, Ana C. ; Grace Aguiling-Dalisay, adviser.</subfield>
  </datafield>
  <datafield tag="264" ind1=" " ind2="0">
   <subfield code="a">Quezon City</subfield>
   <subfield code="b">College of Social Sciences and Philosophy, University of the Philippines Diliman</subfield>
   <subfield code="c">2003.</subfield>
  </datafield>
  <datafield tag="300" ind1=" " ind2=" ">
   <subfield code="a">115 leaves</subfield>
   <subfield code="b">color illustrations</subfield>
   <subfield code="c">28 cm</subfield>
  </datafield>
  <datafield tag="336" ind1=" " ind2=" ">
   <subfield code="a">text</subfield>
   <subfield code="2">rdacontent</subfield>
  </datafield>
  <datafield tag="337" ind1=" " ind2=" ">
   <subfield code="a">unmediated</subfield>
   <subfield code="2">rdamedia</subfield>
  </datafield>
  <datafield tag="338" ind1=" " ind2=" ">
   <subfield code="a">volume</subfield>
   <subfield code="2">rdacarrier</subfield>
  </datafield>
  <datafield tag="502" ind1=" " ind2=" ">
   <subfield code="a">Thesis (Master of Arts in Psychology)--University of the Philippines Diliman</subfield>
   <subfield code="d">November 2003.</subfield>
  </datafield>
  <datafield tag="520" ind1=" " ind2=" ">
   <subfield code="a">This research is a comparative study on the self-concept of students belonging to single-parent and two-parent families. The participants are first year to fourth year high school students enrolled in an exclusive school in Metro Manila. The ages of the students are 13 to 16 years old. The method of selection is purposive sampling: that the participants come from single parent and two-parent families; the single parent families are headed by mothers due to separation; and the two parent families have both parents in the household; there is an equal number of participants per type of family, that the age (13-14 &amp;15-16 years old) of the participants per type of household is equal. The number of sample is 80 students (40 students per type of family). Results suggested that interaction effects were present  between the variables age and type of household--single parent and two-parent families based on the Pasao Self-concept Scale scores and the Piers-Harris Self-concept scores. The 13-14 year olds belonging to two-parent families. While, the students, age 15-16 years old belonging to two parent families have higher self-concept than the students, age 15-16 years old from single-parent families. One of the conclusions of the present study was the participants age 13-14 years old from single-parent families may have higher self-concept because their parents especially their mothers manifest compensatory mechanisms or forms of coping due to the kind of family structure they have. On the other hand, the participants age 15-16 years old belonging to two parent families may have higher self-concept because coming from intact family is desirable since they are in the stage of being conscious on the norms and cultural standards. The 1987 constitution and other legislation recognize that Filipino intact families that are well-functioning and happy families constitute the necessary foundation for social stability, economic progress and development. One of the recommendations of the present study was parents remain to be responsible, supportive and should be good role models to their children for they are very influential in the development of a positive self-concept. And also, grandparents, relatives, teachers, and guidance counselors have the role of being second parents. They should have communication with their grandchildren, nephews/nieces, and students and they should be good role models as they are also influential in developing a positive self-concept.</subfield>
  </datafield>
  <datafield tag="650" ind1=" " ind2="0">
   <subfield code="a">Self-perception.</subfield>
  </datafield>
  <datafield tag="650" ind1=" " ind2="0">
   <subfield code="a">Self-perception in children</subfield>
   <subfield code="z">Philippines</subfield>
   <subfield code="z">Metro Manila.</subfield>
  </datafield>
  <datafield tag="650" ind1=" " ind2="0">
   <subfield code="a">Single-parent family</subfield>
   <subfield code="z">Philippines</subfield>
   <subfield code="z">Metro Manila.</subfield>
  </datafield>
  <datafield tag="700" ind1="1" ind2=" ">
   <subfield code="a">Dalisay, Grace Aguiling</subfield>
   <subfield code="e">adviser.</subfield>
  </datafield>
  <datafield tag="700" ind1="1" ind2=" ">
   <subfield code="c">alma, Ana C.</subfield>
  </datafield>
  <datafield tag="905" ind1=" " ind2=" ">
   <subfield code="a">FI</subfield>
  </datafield>
  <datafield tag="905" ind1=" " ind2=" ">
   <subfield code="a">UP</subfield>
  </datafield>
  <datafield tag="852" ind1="0" ind2=" ">
   <subfield code="a">UPD</subfield>
   <subfield code="b">DARCHIVES</subfield>
   <subfield code="h">LG 995 2003 P7</subfield>
   <subfield code="i">C11</subfield>
  </datafield>
  <datafield tag="942" ind1=" " ind2=" ">
   <subfield code="a">Thesis</subfield>
  </datafield>
 </record>
</collection>
